• 首页
  • 本馆介绍
  • 公告通知
  • 最新文献
  • 馆藏检索
  • 电子资源
  • 读者导购
  • 参考咨询
  • 我的图书馆
  • 登录
  • 详细信息显示
  • 放入我的书架
  • 预约/预借图书
  • 作者相关作品
  • 分类相关作品
  • 丛书相关作品
  • 出版社相关作品

书目信息

  • 表格格式
  • 工作单格式
  • 卡片格式
题名:
史说长安
    
 
作者: 萧正洪 主编 ;王浩远 著
分册:   明清卷
出版信息: 西安   西安出版社  2018
页数: 244页
开本: 21cm
丛书名:
单 册:
中图分类: K294.11
科图分类:
主题词: 地方史--西安 , 地方史--西安--明清时代
电子资源:
ISBN: 978-7-5541-2899-2
000 00928nam0 2200265 450
001 012001001173
005 20140920091302.0
010    @a978-7-5541-2899-2@b精装@dCNY42.00
100    @a20180714d2018 em y0chiy50 ea
101 0  @achi
102    @aCN@b610000
105    @aab z 000yy
106    @ar
200 1  @a史说长安@9Shi Shuo Chang An@i明清卷@f萧正洪主编@g王浩远著
210    @a西安@c西安出版社@d2018
215    @a244页@c图,地图@d21cm
300    @a长安曰
330    @a本书共分十章,内容包括:名定安天下,筑城镇三边——西安命名与明城墙的营建;晨钟传百代,暮鼓满三秦——钟鼓楼的故事;统御西陲——以西安为中心的陕西省域;半城烟火半城仙——明清西安多元宗教信仰等。
606 0  @a地方史@y西安
606 0  @a地方史@y西安@z明清时代
690    @aK294.11@v5
701  0 @a萧正洪@9Xiao Zheng Hong@f(1957-)@4主编
702  0 @a王浩远@9Wang Hao Yuan@4著
801  0 @aCN@b上海新华@c20180901
905    @b1151607-11@dK294.11@e376@f5
    
    史说长安.明清卷/萧正洪主编/王浩远著.-西安:西安出版社,2018
    244页:图,地图;21cm
    长安曰
    
    ISBN 978-7-5541-2899-2(精装):CNY42.00
    本书共分十章,内容包括:名定安天下,筑城镇三边——西安命名与明城墙的营建;晨钟传百代,暮鼓满三秦——钟鼓楼的故事;统御西陲——以西安为中心的陕西省域;半城烟火半城仙——明清西安多元宗教信仰等。
●
相关链接 在E读中查询图书 在五车中查询图书 在当当中查询图书 在豆瓣中查询图书


正题名:史说长安     索取号:K294.11/376         预约/预借

序号 登录号 条形码 馆藏地/架位号 状态 备注
1 1151607   211516073   第二样本阅览室/ [索取号:K294.11/376] 在馆    
2 1151608   211516082   第二借阅区/ [索取号:K294.11/376] 在馆    
3 1151609   211516091   第二借阅区/ [索取号:K294.11/376] 在馆    
4 1151610   211516108   第二借阅区/ [索取号:K294.11/376] 在馆    
5 1151611   211516117   史法系资料室/ [索取号:K294.11/376] 在馆    
唐山师范学院图书馆 欢迎您!
大连网信软件有限公司© 版权所有